00682nam a2200193 i 4500001000700000003000900007005001700016008004100033080001400074080001100088100001700099245014800116260008200264300002600346650003000372650002700402700002300429852003600452160760ES-MaACL20250815005258.0990512s1886 fr |||| | fre d a930.85(4) a308(4)1 aNordau, Max.14aLes mensonges conventionnels de notre civilisation / cMax Nordau ; ouvrage traduit sur la douzième èdition allemande par Auguste Dietrich. aParis : bW. Hinrichsen, c1886 (eSaint-Quentin : fImp. J. Moureau et fils) aII, 398 p. ; c23 cm.04aCivilización-xHistoria07aHistoria social2embne1 aDietrich, Auguste. aES-MaACLjE-13133 z- Enc. hol.